Riconosci lo Stato - Quiz n°8 - Statistics

Statistiche generali
  • Questo quiz è stato fatto 106 volte
  • Il punteggio medio è 10 su 13
Statistiche sulle risposte
Indizio Risposta % Corretto
Valuta Kip
94%
Iniziale della Capitale V
91%
Presidente della Repubblica Thongloun Sisoulith
89%
Indipendenza dalla Francia, 19 luglio 1949
88%
Popolazione 7.275.556 ab.
87%
Fuso Orario UTC+7
87%
Primo ministro Sonexay Siphandone
83%
Forma di Governo Repubblica socialista monopartitica
81%
Superficie 236.800 km²
79%
PIL (nominale) 19 133 milioni di $
72%
ISU 0.613
71%
Tasso di crescita 1,44%
67%
Risposta Laos
62%
Nessun quiz corrispondente trovato
Distribuzione punteggi
Percentuale di utenti per punteggio
Percentile per numero di risposta
I tuoi punteggi nel tempo
Non hai fatto questo quiz